000 00654nam a2200229Ia 4500
003 OSt
005 20220924123343.0
006 a|||||r|||| 00| 0
007 ta
008 220923b |||||||| |||| 00| 0 fre d
024 _a144772
037 _cTextual
040 _aARTS
_cARTS
_bfre
041 _2fre
_afre
082 _aY176:35, 122G7(906)
100 _aCorvaisier Lucienne Le
_9192514
245 0 _aAu pays des serciers et des Griets
_b Legands d'Afrique Noire
260 _aNA
_bNA
_c1937
650 _aSOCIOLOGY
942 _hY176:35, 122G7(906)
_cTEXL
_2CC
999 _c415388
_d415388